• 首页
  • 本馆介绍
  • 公告通知
  • 最新文献
  • 馆藏检索
  • 电子资源
  • 读者导购
  • 参考咨询
  • 我的图书馆
  • 登录
  • 详细信息显示
  • 放入我的书架
  • 预约/预借图书
  • 作者相关作品
  • 分类相关作品
  • 丛书相关作品
  • 出版社相关作品

书目信息

  • 表格格式
  • 工作单格式
  • 卡片格式
题名:
新时期师德精神的颂歌
    
 
作者: ;中共中央宣传部宣传教育司 编
分册:  
出版信息: 北京   学习出版社  2005
页数: 170页
开本: 26cm
丛书名:
单 册:
中图分类: G451.6 , K851.4
科图分类:
主题词: 教师 , 学生 , 文物--考古
电子资源:
ISBN: 7-80116-496-2
000 00880nam0 2200241 450
001 0736447217
005 20070707171311.53
010    @a7-80116-496-2@dCNY12.00
100    @a20070707d2005 km y0chiy0120 ea
101 0  @achi
102    @aCN
200 1  @a新时期师德精神的颂歌@Axin shi qi shi de jing shen de song ge@e全国优秀教师师德报告团报告集@f中共中央宣传部宣传教育司等编@Fzhong gong zhong yang xuan chuan bu xuan chuan jiao yu si deng bian
210    @a北京@c学习出版社@d2005
215    @a170页@d26cm
517 1  @a全国优秀教师师德报告团报告集@Aquan guo you xiu jiao shi shi de bao gao tuan bao gao ji
606 0  @a教师
606 0  @a学生
606 0  @a文物@x考古
690    @aG451.6@v3
690    @aK851.4@v3
711 02 @a中共中央宣传部宣传教育司@Azhong gong zhong yang xuan chuan bu xuan chuan jiao yu si@4编
801  0 @aCN@bPFT@c20070707
905    @a10447@dG451.6@e51
    
    新时期师德精神的颂歌:全国优秀教师师德报告团报告集/中共中央宣传部宣传教育司等编.-北京:学习出版社,2005
    170页;26cm
    
    
    ISBN 7-80116-496-2:CNY12.00
    
●
相关链接 在E读中查询图书 在五车中查询图书 在当当中查询图书 在豆瓣中查询图书


正题名:新时期师德精神的颂歌     索取号:G451.6/51         预约/预借

序号 登录号 条形码 馆藏地/架位号 状态 备注
1 0766687   207666872   第一样本阅览室/ [索取号:G451.6/51] 在馆    
唐山师范学院图书馆 欢迎您!
大连网信软件有限公司© 版权所有